000 01364nam0a22002531 4500
001 rc\3422676
005 20260407122504.0
035 _a(NLR Aleph) 007558310
090 _a5274888
_c5274888
100 _a20130115a19719999|||y0rusy50 ca
101 0 _arus
102 _aRU
105 _ay g |||||
200 1 _aМатериалы справочно-информационного фонда Отдела техинформации и техотчетов
_fМ-во энергетики и электрификации СССР. Главниипроект. Всесоюз. ордена Ленина проектно-изыскат. и науч.-исслед. ин-т "Гидропроект" им. С.Я. Жука. Отд. техинформации и техотчетов
210 _aМосква
_cБ. и.
_d1971-
309 _aОтпеч. множит. аппаратом
710 0 2 _a"Гидропроект", институт им. С. Я. Жука
_cМосква
_9414485
_3RU\NLR\AUTH\889959158
801 0 _aRU
_bNLR
_gpsbo
801 1 _aRU
_bELAR
_2rusmarc
830 _aПеречень имеющихся в библиотеке томов, номеров, годов этого издания смотри в каталоге периодических изданий
852 _aNLR
_jС311-410/М-34
942 _cBOOK
980 _aNB